Normal view
MARC view
- Fracture Mechanics
Entry Topical Term
001 - CONTROL NUMBER
- control field: 84128
003 - CONTROL NUMBER IDENTIFIER
- control field: NUST
005 - DATE AND TIME OF LATEST TRANSACTION
- control field: 20211115102643.0
008 - FIXED-LENGTH DATA ELEMENTS
- fixed length control field: 211115|| aca||aabn | a|a d
040 ## - CATALOGING SOURCE
- Original cataloging agency: NUST
- Transcribing agency: NUST
150 ## - HEADING--TOPICAL TERM
- Topical term or geographic name entry element: Fracture Mechanics
670 ## - SOURCE DATA FOUND
- Source citation: Work cat.: (NUST)586751: Gdoutos, E. E. 84127, Fracture Mechanics : , 2020.
